Vyjmenovaná slova po M - Statistics

General Stats
  • This quiz has been taken 96 times
  • The average score is 9 of 16
Answer Stats
Answer % Correct
my
100%
mýt
96%
myš
94%
myslit
81%
mýlit se
70%
dmýchat
51%
Litomyšl
51%
hlemýžď
49%
smýkat
48%
zamykat
43%
mýtit
42%
chmýří
39%
hmyz
39%
nachomýtnout se
39%
mýto
16%
mykat
6%
No matching quizzes found
Score Distribution
Percent of People with Each Score
Percentile by Number Answered
Your Score History
You have not taken this quiz